02561nkc a2200373za 450000100060000000300040000600500170001000700070002700800410003404000240007510000410009924500460014026000240018630001000021050003530031050001920066350000650085550001340092050001690105450400520122350500450127551001510132051002100147156101310168161000500181265100260186265500400188870000600192885200120198885600120200094200250201295201330203799900170217084501OSt20260320093454.0kh boc250410s19101911sp ||||| ||||||0| i|spa d aM-RABAbspacM-RABA1 aElorza, Lorenzod(1861-1931)911106810aLabastidab: Puerta de El Cristoc/ L. E. c[ca. 1910 – 1911] a1 fotografíab: gelatina de platac; imagen 12 x 16,5 cmc; soporte secundario 21,5 x 26,5 cm aVista de la portada de la ermita del Santo Cristo en Labastida, constituida por un arco abocinado compuesto a su vez de otros seis arcos concéntricos de medio punto. Estos se apoyan en seis columnas a cada lado, con capiteles decorados. Un grupo de cinco personas, entre los que se encuentra un sacerdote, figuran frente a la portada monumental.  aFotografía montada sobre soporte secundario de cartulina azul enmarcada con orla en relieve. Título y numeración manuscrita que hace referencia a la posición en la serie “96”. aSello con monograma del fotógrafo en tinta roja “L.E.” aFechas tomadas de la ejecución del positivo de las fotografías, incluido el soporte secundario. (Soto Madrazo, Javier. 2008). aForma parte de un conjunto de 167 fotografías empleadas por Federico Baráibar Zumárraga para la elaboración del Inventario del Románico en Álava (1911). aBaraibar, F.: "Rincones artísticos", M. 1914. aLabastida.- Puerta de El Cristo. / L. E. aDescripción tomada de: Soto Madrazo, Javier (2008). Federico Baraibar y el Inventario del Románico en Álava: una caja con 167 fotografías. aEsta colección fue utilizada posteriormente por Cristóbal de Castro para la elaboración y publicación del "Catálogo Monumental de España: provincia de Álava", Madrid, S. de Rivadeneira, 1915. aDonadas junto con la memoria manuscrita a la Academia por el mismo Baraibar (Sesión 12 de febrero de 1912, Archivo: 4-32-1).20aIglesia del Santo Cristo (Labastida) 9111626 7aÁlava2embne975661 0aFotografías de monumentos91115801 aBaráibar y Zumárraga, Federico d(1851-1918)912926 aFot-205 3Fot-205 2ddccFOTOGRAFÍAn0 00102ddc40708FOTOGRAFIAaRABASFbRABASFcDP2d2025-04-21l0oFot-205p1095379r2025-04-21 11:18:25w2025-04-21yFOTOGRAFÍA c84501d84501